000 01184cam a2200289 a 4500
001 13717708
003 NUST-PNEC
005 20170116180930.0
008 040913s2006 njua 000 0 eng
010 _a 2004058713
020 _a01357133331
040 _aDLC
_cPNEC
_dDLC
082 0 0 _a621.3132 WIL
100 1 _aWildi, Théodore.
245 1 0 _aElectrical machines, drives, and power systems /
_cTheodore Wildi.
250 _a3rd ed.
260 _cc.1997.
300 _axxiii, 934 p. :
_bill. ;
_c25 cm.
500 _aIncludes index. http://www.amazon.com/Electrical-Machines-Drives-Systems-Edition/dp/0131776916/ref=sr_1_1?ie=UTF8&qid=1399646871&sr=8-1&keywords=electrical+machines+drives+and+power+systems+by+wildi+2006
504 _aIncludes bibliographical references (p. 907-912) and index.
650 0 _aElectric machinery.
_xME, EE, EL
650 0 _aElectric power systems.
650 0 _aElectric driving.
906 _a7
_bcbc
_corignew
_d1
_eocip
_f20
_gy-gencatlg
942 _2ddc
_cBK
999 _c65856
_d65856